Welcome to the Holygrace Academy Library

Please use search bar below to get started

THE THRONE OF FIRE (Record no. 3826)

MARC details
000 -LEADER
fixed length control field 00603nam a22001457a 4500
020 ## - INTERNATIONAL STANDARD BOOK NUMBER
ISBN 978-0-141-33566-7
082 ## - DEWEY DECIMAL CLASSIFICATION NUMBER
Classification number 823
Item number RIO/T
100 ## - MAIN ENTRY--AUTHOR NAME
Personal name RIORDAN, RICK
245 ## - TITLE STATEMENT
Title THE THRONE OF FIRE
260 ## - PUBLICATION, DISTRIBUTION, ETC. (IMPRINT)
Place of publication UNITED KINGDOM
Name of publisher PUFFIN BOOKS
Year of publication 2011
300 ## - PHYSICAL DESCRIPTION
Number of Pages 451
520 ## - SUMMARY, ETC.
Summary, etc It is the second novel in The Kane Chronicles series, which tells of the adventures of modern-day fourteen-year-old Carter Kane and his twelve-year-old sister - Sadie Kane, as they discover that they are descended from the ancient Egyptian pharaohs Narmer and Ramesses the Great.
650 ## - SUBJECT ADDED ENTRY--TOPICAL TERM
Topical Term NOVEL
Geographic subdivision UNITED KINGDOM
942 ## - ADDED ENTRY ELEMENTS (KOHA)
Koha item type Books
Holdings
Withdrawn status Lost status Collection code Home library Current library Shelving location Date acquired Source of acquisition Full call number Accession Number Koha item type
    Fiction Main Library Main Library SHELF-14-K- ALPHABETICAL- R --ENGLISH NOVELS & FICTIONS 06/08/2011 purchase 823 RIO/T 05568 Books